LEADER 00942nam2-22003011i-450- 001 990008128120403321 005 20080326142131.0 010 $a88-13-23711-1 035 $a000812812 035 $aFED01000812812 035 $a(Aleph)000812812FED01 035 $a000812812 100 $a20050610d2002----km-y0itay50------ba 101 0 $aita 102 $aIT 105 $a--------001yy 200 1 $a<>approccio sistematico al governo dell'impresa III$evalorizzazione delle capacità, rapporti intersistemici e rischio nell'azione di governo$fGaetano M.Golinelli 210 $aPadova$cCedam$d2002 215 $aIX, 303 p.$d25 cm 700 1$aGolinelli,$bGaetano M.$03341 801 0$aIT$bUNINA$gRICA$2UNIMARC 901 $aBK 912 $a990008128120403321 952 $a0-0-279-TI$b8660$fECA 952 $a62 658.8 GOL$fDAGEA 959 $aECA 996 $aApproccio sistematico al governo dell'impresa III$9755980 997 $aUNINA LEADER 02855 am 2200613 n 450 001 9910136978303321 005 20160519 010 $a2-7535-4566-9 024 7 $a10.4000/books.pur.33561 035 $a(CKB)3710000000749531 035 $a(FrMaCLE)OB-pur-33561 035 $a(oapen)https://directory.doabooks.org/handle/20.500.12854/48090 035 $a(PPN)267932472 035 $a(EXLCZ)993710000000749531 100 $a20160718j|||||||| ||| 0 101 0 $afre 135 $auu||||||m|||| 181 $ctxt$2rdacontent 182 $cc$2rdamedia 183 $acr$2rdacarrier 200 10$aFrissons ? fictions $eRomans et nouvelles en Espagne, 1894-1936 /$fChristine Rivalan Guégo 210 $aRennes $cPresses universitaires de Rennes$d2016 215 $a1 online resource (230 p.) 311 $a2-86847-310-5 330 $aQue lisaient les Espagnols du début du siècle ? À côté des ?uvres que la postérité a retenues et dont les lecteurs faisaient partie d'une certaine élite culturelle, des ouvrages d'une qualité littéraire controversée envahissaient kiosques et librairies. Littérature dite du "corset", ces romans et nouvelles sont à l'origine du "frisson" qui parcourut les lettres et les esprits espagnols de cette époque. Lectures de divertissement, fortement influencées par la littérature fin-de-siècle française, dynamisées par l'essor d'une édition de masse, elles ont été la caisse de résonance d'aspirations à des mutations fondamentales d'une partie de la société. À sa manière, l'évolution de ces textes, marquée par le retour à un discours littéraire et moral beaucoup plus acceptable, reflète les débats qui agitaient l'opinion espagnole ? à l'instar d'autres, française par exemple ? et qui portaient sur un nouveau statut de l'amour et de la femme. Avec cette littérature de grande diffusion, on assiste à une gigantesque représentation des habitudes, pratiques et discours amoureux dans l'Espagne d'alors. 606 $aLiterature (General) 606 $alittérature 606 $alittérature espagnole 606 $aroman 606 $aamour 606 $anouvelle 606 $aXIXème siècle 606 $aXXème siècle 610 $aXXème siècle 610 $alittérature espagnole 610 $aroman 610 $alittérature 610 $anouvelle 610 $aamour 610 $aXIXème siècle 615 4$aLiterature (General) 615 4$alittérature 615 4$alittérature espagnole 615 4$aroman 615 4$aamour 615 4$anouvelle 615 4$aXIXème siècle 615 4$aXXème siècle 700 $aRivalan Guégo$b Christine$0742401 801 0$bFR-FrMaCLE 906 $aBOOK 912 $a9910136978303321 996 $aFrissons ? fictions$93025413 997 $aUNINA